000 00433 a2200145 4500
999 _c7004
_d7004
020 _a9780199265510
050 _aBF 89.04 JAL 2010
100 _aJalland, Pat
_eauthor
245 _aDeath in war and peace:
_bloss and grief in England, 1914-1970
_cPat Jalland
264 _aOxford:
_bOxford University Press,
_c2010
300 _a317p.:
_bill.
500 _aIncludes index
650 _aEnglish History
942 _2lcc
_cBK
_h89.04
_iJAL
_kBF